Statistics for Imagine by John Lennon - Lyrics

Click here to take the quiz!

General Stats

  • This quiz has been taken 871 times
  • The average score is 21 of 26

Answer Stats

Hint Lyrics % Correct
Imagine all the ______people
96%
It's easy if ___ ___you try
95%
But I'm not the ____ ___only one
92%
You, you may say I'm _ _______a dreamer
92%
_______ all the peopleImagine
91%
Imagine there is __ ______no heaven
91%
Nothing to kill or ___ ___die for
87%
Living for _____today
87%
No hell _____ __below us
87%
Above us ____ ___only sky
86%
I hope someday you will ____ __join us
86%
It isn't hard __ __to do
86%
Imagine all ___ ______the people
84%
But I'm ___ ___ ___ ___not the only one
84%
You, you may say _'_ _ _______I'm a dreamer
83%
And no ________, tooreligion
81%
Living life __ _____in peace
79%
I wonder if ___ ___you can
78%
I hope someday you ____ ____ __will join us
77%
And the world will __ __ ___be as one
76%
A brotherhood of ___man
75%
And the world will ____ __ ___live as one
69%
Imagine there's no _________countries
68%
Sharing all ___ _____the world
61%
Imagine no ___________possessions
53%
No need for _____ __ ______greed or hunger
45%

Score Distribution

Percentile by Number Answered

Percent of People with Each Score

Your Score History

You have not taken this quiz